Statistics for Five Countries with the Most Olympics Medals by Continent

Click here to take the quiz!

General Stats

  • This quiz has been taken 439 times
    (386 since last reset)
  • The average score is 22 of 30

Answer Stats

Continent# MedalsCountry% Correct
North America2,827United States
98%
North America501Canada
97%
Asia608China
96%
Europe855Germany
94%
Europe840France
93%
North America69Mexico
93%
Europe883Great Britain
92%
Asia497Japan
92%
South America129Brazil
90%
South America74Argentina
83%
Europe701Italy
83%
North America78Jamaica
81%
Oceania512Australia
80%
Asia337South Korea
80%
Oceania120New Zealand
76%
North America226Cuba
75%
South America13Chile
73%
South America28Colombia
73%
Africa86South Africa
73%
Europe1,204Soviet Union
63%
Africa103Kenya
62%
Africa32Egypt
61%
South America15Venezuela
58%
Oceania1Fiji
57%
Africa25Nigeria
55%
Oceania1Samoa
41%
Asia91Turkey
41%
Africa23Morocco
40%
Oceania1Tonga
34%
Asia71Kazakhstan
23%

Score Distribution

Percentile by Number Answered

Percent of People with Each Score

Your Score History

You have not taken this quiz since the last reset